000
00250nam a2200109Ia 4500
008
200302s9999 xx 000 0 und d
100
_a
Peter Eisenman
245
_a
Diagram Diaries
260
_b
Universe Publishing
260
_c
1999
300
_a
240 p.,
999
_c
1978
_d
1978